Top 12 Phoenix Suns Players - Statistics

General Stats
  • This quiz has been taken 317 times
    74 since last reset
  • The average score is 6 of 12
Answer Stats
Rank Player Win Share % Correct
8 Devin Booker 58.0
97%
3 Steve Nash 82.7
93%
12 Charles Barkley 44.4
85%
5 Amar'e Stoudemire 67.9
79%
2 Shawn Marion 86.8
58%
1 Kevin Johnson 88.7
49%
6 Walter Davis 66.4
36%
4 Alvan Adams 73.5
26%
10 Dan Majerle 52.0
24%
11 Paul Westphal 51.5
21%
7 Dick Van Arsdale 63.6
8%
9 Larry Nance 53.6
8%
No matching quizzes found
Score Distribution
Percent of People with Each Score
Percentile by Number Answered
Your Score History
You have not taken this quiz since the last reset